000 01623cam a22004574i 4500
003 PE-LiUPU
005 20250731173457.0
008 150616s r 000 0 d
020 _a0060674164
035 _a(Sirsi) i9780060674168
040 _aPE-LiUPU
_bspa
_cPE-LiUPU
_erda
049 _aPRUA
082 0 4 _a291.2110933
_bS61
_221
100 1 _aSmith, Mark S.,
_eautor.
245 1 4 _aThe Early History of God.
264 1 _aNew York :
_bHarper San Francisco,
_c1987.
300 _a197 páginas ;
_c24 centímetros
336 _atext
_2rdacontent
337 _aunmediated
_2rdamedia
338 _avolume
_2rdacarrier
505 0 _aDeities in Israel in the period of the Judges -- Yahweh and Baal -- Yahweh and Asherah -- Yahweh and the Sun -- Yahwistic cultic practices -- The origins and development -- Postcript: portraits of Yahweh.
526 _aSEG42
526 _aSEG41
526 _aSEG40
526 _aSEG39
526 _aP94
526 _aP87
526 _aP86
526 _aP85
526 _aP77
526 _aP76
526 _aP35
650 0 4 _aPOLITEISMO - ISRAEL - HISTORIA ANTIGUA.
910 _ajck
_bjvq
_cjck
942 _2ddc
_cBOOK
949 _a291.2110933 S61
_wDEWEY
_c1
_i40156
_lCCODEBUL1
_mBUL
_r0
_sY
_tBOOK
_u2015-6-16
_xTEOLOGIA
_zUNKNOWN
_0COMPRA
_o.STAFF. Colección General
994 _aC0
_bPEPRU
596 _a1
999 _a291.2110933 S61
_wDEWEY
_c57947
_i40156
_f2021-11-11
_g5
_lCCODEBUL1
_mBUL
_r0
_sY
_tBOOK
_u2015-6-16
_xTEOLOGIA
_zUNKNOWN
_0COMPRA
_o.STAFF. Colección General
_d57947
980 _81
_gALBERTO SANCHEZ Responsable de Automatización